Vizvezetéki mizériák
Kritika na adresu zodpovedných činiteľov mesta Rožňava v júli 1914 v dôsledku nedostatočného zásobovania pitnou vodou hlavne vo vyššie položených častiach mesta a v popoludňajších hodinách.
| Médium: | Článok |
|---|---|
| Jazyk: | Hungarian |
| Témy: | |
| Zdroj: |
1. Sajó-Vidék : Vegyestartalmú hetilap 1. Roč. 17, č. 28 (09.07.1914) s. 3 |
| LEADER | 00964nab#a2200289#ar4500 | ||
|---|---|---|---|
| 001 | 000068898 | ||
| 003 | SVKKK | ||
| 005 | 19991126xxxxxxx. | ||
| 008 | 06 c xo huno | ||
| FMT | |||
| 038 | |a SVKKK | ||
| 040 | |a SVKKK |b slo |e AACR2 | ||
| 041 | 0 | |a hun | |
| 044 | |a xo |c SK | ||
| 080 | |a 628.2 | ||
| 242 | 1 | 0 | |a Problémy s vodovodom |
| 245 | 0 | 0 | |a Vizvezetéki mizériák |
| 520 | 2 | |a Kritika na adresu zodpovedných činiteľov mesta Rožňava v júli 1914 v dôsledku nedostatočného zásobovania pitnou vodou hlavne vo vyššie položených častiach mesta a v popoludňajších hodinách. | |
| 650 | 0 | 4 | |a vodovod mestský - Rožňava - júl 1914 - kanalizácia nevyhovujúca - voda pitná - zásobovanie ohrozené - kritika |
| 773 | 0 | |t Sajó-Vidék : Vegyestartalmú hetilap |g Roč. 17, č. 28 (09.07.1914) s. 3 | |
| 957 | |a Rožňava | ||
| 958 | |a DG | ||
| 958 | |a SK | ||
| 974 | |a ebl |d 19991126 | ||
| 992 | |a RBX | ||
| BAS | |||
| 998 | |a RETRO | ||